000 00369nam a2200145Ia 4500
008 230917s9999||||xx |||||||||||||| ||und||
040 _e53528
_aMAIN
041 _aEnglish
082 _aB R137C:T
100 _aChatterjee, Bimanesh
245 0 _aThousand days with Rajaji
260 _aNew Delhi
_bAffiliated East-West Press
_c1973
300 _a136 p.
942 _cBK
999 _c141233
_d141233